000 00679nam a2200289Ia 4500
005 20260324132347.0
008 008 260324s9999 xx 000 0 eng d
020 _a9780203987315
037 _aEBOOK
040 _aCRL
040 _beng
040 _cCRL
041 _2eng
041 _aeng
084 _qCRL
100 _aMasudul Alam Choudhury
245 4 _aThe Islamic World-System
245 2 _bA Study in Polity-Market Interaction
260 _bTaylor and Francis
260 _c2004
365 _a
365 _b240
856 _uhttp://www.taylorfrancis.com/books/9780203987315
942 _cEBOOK
999 _c1787043
_d1787043